Joint structure and function : (Record no. 118334)
[ view plain ]
| 000 -LEADER | |
|---|---|
| fixed length control field | 00702cam a22002298i 4500 |
| 001 - CONTROL NUMBER | |
| control field | 20656067 |
| 005 - DATE AND TIME OF LATEST TRANSACTION | |
| control field | 20200831173614.0 |
| 008 - FIXED-LENGTH DATA ELEMENTS--GENERAL INFORMATION | |
| fixed length control field | 180904s2019 pau ob 001 0 eng |
| 020 ## - INTERNATIONAL STANDARD BOOK NUMBER | |
| International Standard Book Number | 9780803658981 () |
| 040 ## - CATALOGING SOURCE | |
| Transcribing agency | PK-LaUMT |
| 082 00 - DEWEY DECIMAL CLASSIFICATION NUMBER | |
| Classification number | 612.75 |
| Edition number | 23 |
| Item number | JOI- |
| 245 00 - TITLE STATEMENT | |
| Title | Joint structure and function : |
| Remainder of title | a comprehensive analysis / |
| Statement of responsibility, etc | edited by Pamela K. Levangie, Cynthia C. Norkin, and Michael D. Lewek |
| 250 ## - EDITION STATEMENT | |
| Edition statement | 6th ed. |
| 260 ## - PUBLICATION, DISTRIBUTION, ETC. (IMPRINT) | |
| Place of publication, distribution, etc | Philadelphia : |
| Name of publisher, distributor, etc | F. A. Davis, |
| Date of publication, distribution, etc | 2019 |
| 300 ## - PHYSICAL DESCRIPTION | |
| Extent | 535 p. |
| 650 12 - SUBJECT ADDED ENTRY--TOPICAL TERM | |
| Topical term or geographic name as entry element | Joints |
| General subdivision | anatomy & histology |
| 650 22 - SUBJECT ADDED ENTRY--TOPICAL TERM | |
| Topical term or geographic name as entry element | Joints |
| General subdivision | physiology |
| 700 1# - ADDED ENTRY--PERSONAL NAME | |
| Personal name | Levangie, Pamela K., |
| 700 1# - ADDED ENTRY--PERSONAL NAME | |
| Personal name | Norkin, Cynthia C., |
| 700 1# - ADDED ENTRY--PERSONAL NAME | |
| Personal name | Lewek, Michael D., |
| 942 ## - ADDED ENTRY ELEMENTS (KOHA) | |
| Koha item type | Books |
| Withdrawn status | Lost status | Damaged status | Home library | Current library | Date acquired | Full call number | Barcode | Date last seen | Price effective from | Koha item type |
|---|---|---|---|---|---|---|---|---|---|---|
| UMT Health Sciences Campus | UMT Health Sciences Campus | 2020-08-31 | 612.75 JOI- | 134635 | 2020-08-31 | 2020-08-31 | Books |
